<?xml version="1.0" encoding="UTF-8"?>
<record
    xmlns:xsi="http://www.w3.org/2001/XMLSchema-instance"
    xsi:schemaLocation="http://www.loc.gov/MARC21/slim http://www.loc.gov/standards/marcxml/schema/MARC21slim.xsd"
    xmlns="http://www.loc.gov/MARC21/slim">

  <leader>00493    a2200169   4500</leader>
  <datafield tag="952" ind1=" " ind2=" ">
    <subfield code="0">0</subfield>
    <subfield code="1">0</subfield>
    <subfield code="2">ddc</subfield>
    <subfield code="4">0</subfield>
    <subfield code="7">0</subfield>
    <subfield code="8">CHEMISTRY</subfield>
    <subfield code="a">MES</subfield>
    <subfield code="b">MES</subfield>
    <subfield code="c">CHE</subfield>
    <subfield code="d">2021-09-25</subfield>
    <subfield code="e">34</subfield>
    <subfield code="g">543.75</subfield>
    <subfield code="l">36</subfield>
    <subfield code="m">59</subfield>
    <subfield code="o">543.57 KUM/O</subfield>
    <subfield code="p">41255</subfield>
    <subfield code="r">2026-02-10 13:28:14</subfield>
    <subfield code="s">2026-02-05</subfield>
    <subfield code="v">750.00</subfield>
    <subfield code="w">2021-09-25</subfield>
    <subfield code="y">BK</subfield>
    <subfield code="z">GL27R3</subfield>
  </datafield>
  <datafield tag="999" ind1=" " ind2=" ">
    <subfield code="c">41190</subfield>
    <subfield code="d">41190</subfield>
  </datafield>
  <controlfield tag="003">OSt</controlfield>
  <controlfield tag="005">20210804131809.0</controlfield>
  <controlfield tag="008">210804b           ||||| |||| 00| 0 eng d</controlfield>
  <datafield tag="020" ind1=" " ind2=" ">
    <subfield code="a">9788193043769</subfield>
  </datafield>
  <datafield tag="040" ind1=" " ind2=" ">
    <subfield code="c">oclc</subfield>
  </datafield>
  <datafield tag="082" ind1=" " ind2=" ">
    <subfield code="a">543.57</subfield>
    <subfield code="b">KUM/O</subfield>
  </datafield>
  <datafield tag="100" ind1=" " ind2=" ">
    <subfield code="a">Kumar, Ajai</subfield>
    <subfield code="9">8655</subfield>
  </datafield>
  <datafield tag="245" ind1=" " ind2=" ">
    <subfield code="a">Organometallic and Bioinorganic Chemistry /</subfield>
    <subfield code="c">Ajai Kumar</subfield>
  </datafield>
  <datafield tag="250" ind1=" " ind2=" ">
    <subfield code="a">4th ed.</subfield>
  </datafield>
  <datafield tag="260" ind1=" " ind2=" ">
    <subfield code="a">U P:</subfield>
    <subfield code="b">Aaryush Education,</subfield>
    <subfield code="c">2021.</subfield>
  </datafield>
  <datafield tag="942" ind1=" " ind2=" ">
    <subfield code="2">ddc</subfield>
    <subfield code="c">BK</subfield>
    <subfield code="h">543.57</subfield>
    <subfield code="i">KUM/O</subfield>
    <subfield code="k">543.57</subfield>
    <subfield code="m">KUM/O</subfield>
  </datafield>
</record>
